Statistics for The Clues are in German #4

Click here to take the quiz!

General Stats

  • This quiz has been taken 51 times
  • The average score is 10 of 17

Answer Stats

HintAnswer% Correct
In welchem Sport gibt es die Position des Quarterbacks?Football
90%
Welche Zeichentrickfigur sagt bei Missgeschicken "D'oh!"?Homer Simpson
79%
Wie hieß St. Petersburg zwischen 1924 und 1991?Leningrad
79%
Welches Land grenzt an Algerien und Libyen?Tunesien
79%
Welches ist der längste afrikanische Fluss?Nil
76%
Welcher Spion trinkt seinen Wodka Martini geschüttelt, nicht gerührt?James Bond
74%
In welcher Galaxie befindet sich unser Sonnensystem?Milchstraße
74%
In welcher Stadt findet man den Eiffelturm, eine Sphinx und die Rialtobrücke?Las Vegas
69%
Welches Unternehmen stellt iPads her?Apple
62%
Wie lautet der Name von Eminems Alter Ego?Slim Shady
60%
In welchem Ort in Neuengland wurden 1692 Hexenprozesse abgehalten?Salem
57%
Welcher Tag kommt nach Mardi Gras?Aschermittwoch
48%
Mit wem schloss Faust einen Pakt?mit dem Teufel
43%
Was ist nach RGB die Komplementärfarbe von Blau?Gelb
40%
Wer ist Supermans Erzfeind?Lex Luthor
40%
In welchem Palast in Peking residierten bis 1911 die chinesischen Kaiser?Verbotene Stadt
40%
Unter welchem Ehrentitel war Mohandas Gandhi als "große Seele" bekannt?Mahatma
36%

Score Distribution

Percentile by Number Answered

Percent of People with Each Score

Your Score History

You have not taken this quiz